000 01824cam a22005174a 4500
001 muse16250
003 MdBmJHUP
005 20210127150940.0
006 m o d
007 cr||||||||nn|n
008 990522s1999 utu o 00 0 eng d
010 _z 99006558
020 _a9780874213560
020 _z0874212782 (cloth)
020 _z0874212774 (pbk.)
020 _z9780874212778
035 _a(OCoLC)44958637
040 _aMdBmJHUP
_cMdBmJHUP
043 _ae-uk---
050 0 4 _aGR141
_b.B55 1999
082 0 _a398/.0941
_221
100 1 _aBennett, Gillian.
245 1 0 _aAlas Poor Ghost
_cby Gillian Bennett.
264 1 _bUtah State University Press,
264 3 _bProject MUSE,
300 _a1 online resource (vii, 223 p.) :
_bill. ;
500 _a"New, expanded, and extensively rev. ed. of Traditions of belief : women and the supernatural."
504 _aIncludes bibliographical references (p. 207-220) and index.
506 0 _aOpen Access
_fUnrestricted online access
_2star
588 _aDescription based on print version record.
650 0 _aWomen
_zGreat Britain
_xFolklore.
650 0 _aGhosts
_zGreat Britain.
650 0 _aOccultism
_zGreat Britain.
650 0 _aFolklore
_zGreat Britain.
655 7 _aElectronic books.
_2local
730 0 _aTraditions of belief.
710 2 _aProject Muse.
_edistributor
830 0 _aBook collections on Project MUSE.
856 4 0 _zFull text available:
_uhttps://muse.jhu.edu/book/10308/
945 _aProject MUSE - Archive Global Cultural Studies Foundation
945 _aProject MUSE - Archive Complete Foundation
999 _c24084
_d24084